MARC details
| 000 -CABECERA |
| campo de control de longitud fija |
01204nam a2200277 u 4500 |
| 005 - FECHA Y HORA DE LA ÚLTIMA TRANSACCIÓN |
| campo de control |
20220729123115.0 |
| 008 - ELEMENTOS DE LONGITUD FIJA--INFORMACIÓN GENERAL |
| campo de control de longitud fija |
191112r20162013mx ao r 000 0 spa d |
| 020 ## - NÚMERO INTERNACIONAL NORMALIZADO PARA LIBROS |
| Número Internacional Estándar del Libro |
9786070248016 |
| 035 ## - NÚMERO DE CONTROL DEL SISTEMA |
| Número de control de sistema |
UPN01000234009 |
| 040 ## - FUENTE DE LA CATALOGACIÓN |
| Centro catalogador/agencia de origen |
MX-MxUPN |
| Lengua de catalogación |
spa |
| Centro/agencia transcriptor |
MX-MxUPN |
| 050 #4 - SIGNATURA TOPOGRÁFICA DE LA BIBLIOTECA DEL CONGRESO |
| Número de clasificación |
PN1995 |
| Número de documento/Ítem |
T37 2013 |
| 100 1# - ASIENTO PRINCIPAL--NOMBRE PERSONAL |
| Nombre de persona |
Tarkovski, Andrey |
| 240 ## - TÍTULO UNIFORME |
| Título uniforme |
Sapechatlionnoie vremia. |
| Lenguaje de la obra |
Español |
| 245 10 - MENCIÓN DE TÍTULO |
| Título |
Esculpir el tiempo / |
| Mención de responsabilidad, etc. |
Andrey Tarkovskii ; traducción, notas y apéndices de la versión mexicana Miguel Bustos García ; edición y diseño, Rodolfo Peláez. |
| 250 ## - MENCIÓN DE EDICIÓN |
| Mención de edición |
Cuarta edición, primera reimpresión (2016) |
| 260 ## - PUBLICACIÓN, DISTRIBUCIÓN, ETC. |
| Lugar de publicación, distribución, etc. |
México : |
| Nombre del editor, distribuidor, etc. |
Universidad Nacional Autónoma de México, Escuela Nacional de Artes Cinematográficas : |
| -- |
Universidad Nacional Autónoma de México, Dirección General de Publicaciones y Fomento Editorial, |
| Fecha de publicación, distribución, etc. |
2013. |
| 300 ## - DESCRIPCIÓN FÍSICA |
| Extensión |
308 páginas |
| 490 ## - MENCIÓN DE SERIE |
| Mención de serie |
Colección Miradas en la oscuridad |
| 500 ## - NOTA GENERAL |
| Nota general |
Traducción de: Sapechatlionnoie vremia. |
| 650 #0 - ASIENTO SECUNDARIO DE MATERIA - TERMINO TEMATICO |
| 9 (RLIN) |
45426 |
| Término de materia o nombre geográfico como elemento de entrada |
Productores y directores de cine |
| Subdivisión geográfica |
Rusia |
| 700 1# - ASIENTO SECUNDARIO--NOMBRE DE PERSONAL |
| 9 (RLIN) |
45427 |
| Nombre de persona |
Bustos García, Miguel |
| Término indicativo de función/relación |
traductor |
| 700 1# - ASIENTO SECUNDARIO--NOMBRE DE PERSONAL |
| 9 (RLIN) |
45428 |
| Nombre de persona |
Peláez, Rodolfo |
| Término indicativo de función/relación |
editor |
| 905 ## - TIPO DE MATERIAL |
| Tipo de material |
Libro |
| 942 ## - ELEMENTOS DE PUNTO DE ACCESO ADICIONAL (KOHA) |
| Suprimir en OPAC |
No |
| Fuente del sistema de clasificación o colocación |
Library of Congress Classification |
| Tipo de ítem Koha |
Libro |